[Event "XXIII OPEN INTERNACIONAL ESCACS DE TORREDEMBARRA"]
[Site "Torredembarra"]
[Date "2023.07.05"]
[Round "5.1"]
[White "Torrecillas Martinez, Antonio"]
[Black "Castillo Dalmau, Albert"]
[Result "1-0"]
[TimeControl "90'+30\""]
[WhiteTitle "IM"]
[BlackTitle "FM"]
[WhiteFideId "2200392"]
[BlackFideId "32009925"]
[WhiteElo "2362"]
[BlackElo "2326"]

1. e4 {[%clk 01:30:57]} {[%emt 00:00:02]} c6 {[%emt 00:13:01]} 2. Nc3 {[%clk
01:31:15]} {[%emt 00:00:06]} d5 {[%clk 01:18:29]} {[%emt 00:00:07]} 3. Nf3
{[%clk 01:31:36]} {[%emt 00:00:08]} dxe4 {[%clk 01:15:04]} {[%emt 00:03:55]} 4.
Nxe4 {[%clk 01:31:52]} {[%emt 00:00:14]} Nf6 {[%clk 01:15:32]} {[%emt
00:00:03]} 5. Qe2 {[%clk 01:31:59]} {[%emt 00:00:23]} Nxe4 {[%clk 01:15:54]}
{[%emt 00:00:08]} 6. Qxe4 {[%clk 01:32:25]} {[%emt 00:00:04]} Be6 {[%clk
01:16:17]} {[%emt 00:00:08]} 7. b3 {[%clk 01:19:27]} {[%emt 00:13:27]} Nd7
{[%clk 01:13:03]} {[%emt 00:03:44]} 8. Nd4 {[%emt 00:15:13]} Bd5 {[%clk
00:58:17]} {[%emt 00:09:40]} 9. Qe3 {[%clk 01:08:44]} {[%emt 00:02:05]} e5
{[%clk 00:35:45]} {[%emt 00:17:48]} 10. Ne2 {[%clk 00:47:43]} Be7 {[%emt
00:35:52]} 11. Bb2 {[%clk 00:40:51]} {[%emt 00:00:34]} O-O {[%emt 00:01:13]} 12.
Nc3 {[%emt 00:10:04]} Bg5 {[%clk 00:24:55]} {[%emt 00:01:51]} 13. Qe2 {[%clk
00:37:23]} {[%emt 00:01:16]} e4 {[%emt 00:03:37]} 14. O-O-O {[%emt 00:05:45]}
f5 {[%emt 00:03:37]} 15. Kb1 {[%clk 00:28:42]} {[%emt 00:02:45]} Nc5 {[%emt
00:09:51]} 16. f3 {[%clk 00:11:04]} {[%emt 00:04:41]} Bf6 {[%clk 00:12:23]} 17.
Qe3 {[%emt 00:12:26]} Qa5 {[%emt 00:06:22]} 18. fxe4 {[%clk 00:08:03]} {[%emt
00:01:39]} Nxe4 {[%clk 00:08:11]} {[%emt 00:00:49]} 19. Nxd5 {[%clk 00:05:42]}
{[%emt 00:02:51]} cxd5 {[%clk 00:08:33]} {[%emt 00:00:08]} 20. Bxf6 {[%clk
00:06:04]} {[%emt 00:00:08]} Rxf6 {[%clk 00:08:52]} {[%emt 00:00:12]} 21. Bd3
{[%clk 00:06:21]} {[%emt 00:01:24]} Re8 {[%clk 00:07:18]} {[%emt 00:00:52]} 22.
Kb2 {[%emt 00:06:35]} Qc5 {[%clk 00:01:37]} {[%emt 00:00:50]} 23. Bxe4 {[%clk
00:05:53]} {[%emt 00:00:15]} Qxe3 {[%clk 00:01:03]} {[%emt 00:01:04]} 24. Bxd5+
{[%clk 00:06:20]} {[%emt 00:00:03]} Qe6 {[%emt 00:00:06]} 25. Bxe6+ {[%clk
00:06:34]} {[%emt 00:00:12]} Rfxe6 {[%emt 00:00:19]} 26. Rhf1 {[%emt 00:00:43]}
Re2 {[%clk 00:02:20]} {[%emt 00:00:03]} 27. Rxf5 {[%clk 00:06:26]} {[%emt
00:00:14]} Rxg2 {[%emt 00:00:07]} 28. h4 {[%emt 00:00:10]} g6 {[%emt 00:01:12]}
29. Rd5 {[%emt 00:00:24]} Re7 {[%emt 00:00:49]} 30. Rf1 {[%emt 00:00:54]} Ree2
{[%clk 00:01:47]} {[%emt 00:01:00]} 31. Rd8+ {[%clk 00:06:04]} {[%emt
00:00:18]} Kg7 {[%clk 00:02:06]} {[%emt 00:00:12]} 32. Rd7+ {[%emt 00:00:21]}
Kg8 {[%emt 00:00:08]} 33. Rff7 {[%emt 00:00:54]} Rxd2 {[%clk 00:01:25]} {[%emt
00:00:49]} 34. Rg7+ {[%clk 00:06:41]} {[%emt 00:00:21]} Kf8 {[%emt 00:00:04]}
35. Rdf7+ {[%clk 00:07:05]} {[%emt 00:00:03]} Ke8 {[%clk 00:02:17]} {[%emt
00:00:07]} 36. Rc7 {[%emt 00:00:35]} Kd8 {[%clk 00:02:01]} {[%emt 00:00:15]} 37.
Rxh7 {[%clk 00:07:56]} {[%emt 00:00:05]} a5 {[%emt 00:02:25]} 38. a4 {[%clk
00:06:32]} {[%emt 00:00:42]} Rh2 {[%emt 00:00:37]} 39. Rhg7 {[%emt 00:00:51]}
Rhg2 {[%clk 00:01:17]} {[%emt 00:00:15]} 40. Rc4 {[%clk 00:06:07]} {[%emt
00:00:44]} Rd7 {[%clk 00:01:20]} {[%emt 00:00:27]} 41. Rg8+ {[%clk 00:05:33]}
{[%emt 00:01:03]} Ke7 {[%emt 00:00:40]} 42. h5 {[%emt 00:01:51]} g5 {[%clk
00:01:01]} {[%emt 00:00:07]} 43. Rc5 {[%clk 00:04:47]} {[%emt 00:00:29]} g4
{[%clk 00:00:40]} {[%emt 00:00:51]} 44. Rxa5 {[%emt 00:01:42]} Rdd2 {[%emt
00:00:20]} 45. Rc5 {[%clk 00:04:05]} {[%emt 00:00:18]} Kd7 {[%clk 00:00:33]}
{[%emt 00:00:29]} 46. h6 {[%clk 00:03:42]} {[%emt 00:00:53]} Rh2 {[%clk
00:01:02]} {[%emt 00:00:02]} 47. Rxg4 {[%clk 00:03:40]} {[%emt 00:00:32]} Rxh6
{[%emt 00:00:07]} 48. Rg7+ {[%clk 00:03:14]} {[%emt 00:00:50]} Kd6 {[%clk
00:01:59]} {[%emt 00:00:01]} 49. Rcc7 {[%emt 00:01:54]} Rf2 {[%clk 00:00:32]}
{[%emt 00:01:07]} 50. Rgd7+ {[%clk 00:02:50]} {[%emt 00:00:19]} Ke6 {[%clk
00:00:58]} {[%emt 00:00:05]} 51. Rxb7 {[%emt 00:00:12]} Rhh2 {[%clk 00:01:26]}
{[%emt 00:00:02]} 52. Rdc7 {[%clk 00:03:09]} {[%emt 00:00:28]} Kd6 {[%clk
00:01:48]} {[%emt 00:00:09]} 53. a5 {[%clk 00:03:27]} {[%emt 00:00:12]} 1-0

[Event "XXIII OPEN INTERNACIONAL ESCACS DE TORREDEMBARRA"]
[Site "Torredembarra"]
[Date "2023.07.05"]
[Round "5.2"]
[White "Domene Mulyukov, Alexander"]
[Black "Aloma Vidal, Robert"]
[Result "1-0"]
[TimeControl "90'+30\""]
[WhiteTitle "FM"]
[BlackTitle "IM"]
[WhiteFideId "24589802"]
[BlackFideId "2260409"]
[WhiteElo "2232"]
[BlackElo "2446"]

1. e4 {[%clk 01:30:56]} {[%emt 00:00:03]} g6 {[%clk 01:30:54]} {[%emt
00:00:06]} 2. d4 {[%clk 01:31:18]} {[%emt 00:00:08]} d6 {[%clk 01:31:19]}
{[%emt 00:00:05]} 3. Nc3 {[%clk 01:31:42]} {[%emt 00:00:06]} c6 {[%clk
01:31:44]} {[%emt 00:00:05]} 4. Bc4 {[%emt 00:07:28]} Nf6 {[%clk 01:23:43]}
{[%emt 00:01:21]} 5. Bb3 {[%emt 00:08:39]} Bg7 {[%emt 00:01:49]} 6. Nf3 {[%emt
00:01:59]} O-O {[%clk 01:14:06]} {[%emt 00:00:04]} 7. O-O {[%emt 00:06:17]} Bg4
{[%clk 01:08:57]} {[%emt 00:00:16]} 8. Re1 {[%emt 00:06:26]} Nbd7 {[%emt
00:21:07]} 9. e5 {[%emt 00:04:31]} dxe5 {[%clk 01:02:48]} {[%emt 00:01:18]} 10.
dxe5 {[%clk 01:04:44]} {[%emt 00:01:11]} Ne8 {[%clk 01:02:41]} {[%emt
00:00:36]} 11. e6 {[%clk 01:02:48]} {[%emt 00:02:26]} fxe6 {[%emt 00:04:58]} 12.
h3 {[%emt 00:07:51]} Bxf3 {[%clk 00:55:07]} {[%emt 00:00:22]} 13. Bxe6+ {[%clk
00:58:44]} {[%emt 00:00:27]} Kh8 {[%clk 00:55:26]} {[%emt 00:00:11]} 14. Qxd7
{[%clk 00:47:15]} {[%emt 00:21:43]} Bxc3 {[%clk 00:34:13]} 15. Qxd8 {[%clk
00:46:42]} {[%emt 00:12:57]} Rxd8 {[%clk 00:34:09]} {[%emt 00:00:34]} 16. bxc3
{[%clk 00:47:01]} {[%emt 00:00:10]} Bd5 {[%clk 00:33:48]} {[%emt 00:00:52]} 17.
Bh6 {[%emt 00:02:37]} Ng7 {[%emt 00:10:47]} 18. Bxd5 {[%emt 00:00:49]} Rxd5
{[%emt 00:00:42]} 19. Rxe7 {[%emt 00:00:53]} Rg8 {[%emt 00:01:40]} 20. Rxb7
{[%emt 00:05:48]} Nf5 {[%emt 00:02:36]} 21. Bg5 {[%emt 00:01:54]} Rf8 {[%clk
00:20:36]} {[%emt 00:00:21]} 22. Rxa7 {[%clk 00:36:33]} {[%emt 00:01:03]} h6
{[%emt 00:01:24]} 23. Bf4 {[%clk 00:34:51]} {[%emt 00:01:19]} g5 {[%emt
00:01:27]} 24. Bc7 {[%clk 00:33:05]} {[%emt 00:01:11]} Re8 {[%emt 00:02:34]} 25.
Ra5 {[%clk 00:28:44]} {[%emt 00:03:13]} c5 {[%clk 00:16:42]} {[%emt 00:04:05]}
26. c4 {[%clk 00:26:09]} {[%emt 00:03:05]} Rd2 {[%clk 00:16:53]} {[%emt
00:00:19]} 27. Rxc5 {[%emt 00:01:07]} Nh4 {[%emt 00:03:58]} 28. Rb1 {[%emt
00:12:24]} Rxc2 {[%clk 00:13:11]} {[%emt 00:00:41]} 29. a4 {[%emt 00:01:51]}
Ra2 {[%clk 00:11:31]} {[%emt 00:00:43]} 30. a5 {[%clk 00:13:53]} {[%emt
00:00:24]} Kg8 {[%clk 00:11:47]} {[%emt 00:00:15]} 31. Rb8 {[%clk 00:13:34]}
{[%emt 00:00:49]} Kf7 {[%clk 00:11:47]} {[%emt 00:00:30]} 32. Rxe8 {[%clk
00:13:27]} {[%emt 00:00:36]} Kxe8 {[%emt 00:00:42]} 33. Bb6 {[%clk 00:12:45]}
{[%emt 00:00:34]} Kd7 {[%clk 00:12:04]} {[%emt 00:00:41]} 34. Rc7+ {[%clk
00:12:29]} {[%emt 00:00:45]} Kd6 {[%clk 00:12:25]} {[%emt 00:00:09]} 35. c5+
{[%clk 00:12:39]} {[%emt 00:00:21]} Kd5 {[%emt 00:00:16]} 36. Rd7+ {[%emt
00:01:59]} 1-0

[Event "XXIII OPEN INTERNACIONAL ESCACS DE TORREDEMBARRA"]
[Site "Torredembarra"]
[Date "2023.07.05"]
[Round "5.3"]
[White "Lacasa Diaz, Jose Antonio"]
[Black "Jimenez Munoz, Nicolas"]
[Result "1-0"]
[TimeControl "90'+30\""]
[WhiteTitle "IM"]
[WhiteFideId "2203375"]
[BlackFideId "32092172"]
[WhiteElo "2360"]
[BlackElo "2204"]

1. e4 {[%clk 01:30:56]} {[%emt 00:00:03]} e5 {[%clk 01:30:54]} {[%emt
00:00:07]} 2. Nf3 {[%clk 01:29:55]} {[%emt 00:01:31]} Nc6 {[%clk 01:31:15]}
{[%emt 00:00:09]} 3. Bc4 {[%clk 01:26:02]} {[%emt 00:04:23]} Bc5 {[%clk
01:31:31]} {[%emt 00:00:14]} 4. c3 {[%clk 01:25:49]} {[%emt 00:00:43]} Nf6
{[%clk 01:31:47]} {[%emt 00:00:14]} 5. d3 {[%clk 01:25:07]} {[%emt 00:01:11]}
d6 {[%clk 01:31:18]} {[%emt 00:00:59]} 6. O-O {[%clk 01:24:52]} {[%emt
00:00:45]} h6 {[%clk 01:26:08]} {[%emt 00:05:40]} 7. Re1 {[%clk 01:24:20]}
{[%emt 00:01:02]} O-O {[%clk 01:20:50]} {[%emt 00:05:48]} 8. h3 {[%clk
01:24:22]} {[%emt 00:00:28]} a5 {[%clk 01:20:04]} {[%emt 00:01:17]} 9. d4
{[%clk 01:21:26]} {[%emt 00:03:25]} Bb6 {[%clk 01:17:35]} {[%emt 00:03:00]} 10.
Bb3 {[%clk 01:20:33]} {[%emt 00:01:22]} Re8 {[%clk 01:14:40]} {[%emt 00:03:25]}
11. Bc2 {[%clk 01:16:46]} {[%emt 00:04:16]} Bd7 {[%clk 01:09:18]} {[%emt
00:05:53]} 12. a3 {[%clk 01:11:06]} {[%emt 00:06:10]} Qc8 {[%clk 01:04:57]}
{[%emt 00:04:51]} 13. Kh2 {[%clk 01:07:28]} {[%emt 00:04:08]} a4 {[%clk
00:55:26]} {[%emt 00:10:02]} 14. Be3 {[%clk 00:59:53]} {[%emt 00:08:05]} exd4
{[%clk 00:49:33]} {[%emt 00:06:17]} 15. cxd4 {[%clk 00:45:43]} {[%emt
00:14:40]} Ra5 {[%clk 00:31:04]} {[%emt 00:19:00]} 16. d5 {[%clk 00:41:30]}
{[%emt 00:04:43]} Ne5 {[%clk 00:30:00]} {[%emt 00:01:33]} 17. Bxb6 {[%clk
00:37:44]} {[%emt 00:04:16]} cxb6 {[%clk 00:30:28]} {[%emt 00:00:02]} 18. Nxe5
{[%clk 00:30:25]} {[%emt 00:07:49]} Rxe5 {[%clk 00:29:01]} {[%emt 00:01:57]} 19.
Re3 {[%clk 00:24:57]} {[%emt 00:05:57]} g5 {[%clk 00:18:36]} {[%emt 00:10:56]}
20. Nc3 {[%clk 00:24:16]} {[%emt 00:01:11]} g4 {[%clk 00:17:21]} {[%emt
00:01:45]} 21. h4 {[%clk 00:23:54]} {[%emt 00:00:52]} Nh5 {[%clk 00:16:00]}
{[%emt 00:01:51]} 22. g3 {[%clk 00:22:53]} {[%emt 00:01:31]} Qc5 {[%clk
00:09:12]} {[%emt 00:07:19]} 23. Qd2 {[%clk 00:20:57]} {[%emt 00:02:25]} Nf6
{[%clk 00:08:42]} {[%emt 00:01:00]} 24. Na2 {[%clk 00:17:10]} {[%emt 00:04:17]}
Bb5 {[%clk 00:04:57]} {[%emt 00:04:16]} 25. Rc1 {[%clk 00:16:48]} {[%emt
00:00:51]} Qc8 {[%clk 00:04:31]} {[%emt 00:00:57]} 26. Bxa4 {[%clk 00:13:36]}
{[%emt 00:03:42]} Qe8 {[%clk 00:04:44]} {[%emt 00:00:17]} 27. Bc2 {[%clk
00:10:04]} {[%emt 00:04:02]} Bd7 {[%clk 00:02:59]} {[%emt 00:02:16]} 28. Nc3
{[%clk 00:09:05]} {[%emt 00:01:29]} Kg7 {[%clk 00:02:58]} {[%emt 00:00:31]} 29.
Rce1 {[%clk 00:08:34]} {[%emt 00:01:00]} Rh5 {[%clk 00:02:41]} {[%emt
00:00:48]} 30. Qd4 {[%clk 00:08:02]} {[%emt 00:01:02]} Qe5 {[%clk 00:02:51]}
{[%emt 00:00:20]} 31. Qxb6 {[%clk 00:05:39]} {[%emt 00:02:53]} Rc5 {[%clk
00:02:00]} {[%emt 00:01:22]} 32. Kg1 {[%clk 00:05:57]} {[%emt 00:00:11]} Nh7
{[%clk 00:01:23]} {[%emt 00:01:07]} 33. Qb4 {[%clk 00:03:19]} {[%emt 00:03:08]}
b5 {[%clk 00:01:35]} {[%emt 00:00:18]} 34. Bd3 {[%clk 00:03:28]} {[%emt
00:00:20]} Ng5 {[%clk 00:01:07]} {[%emt 00:00:59]} 35. hxg5 {[%clk 00:03:43]}
{[%emt 00:00:15]} Qxg5 {[%clk 00:01:28]} {[%emt 00:00:09]} 36. e5 {[%clk
00:03:10]} {[%emt 00:01:03]} Rh3 {[%clk 00:01:19]} {[%emt 00:00:39]} 37. Qe4
{[%clk 00:02:48]} {[%emt 00:00:51]} Qh5 {[%clk 00:01:15]} {[%emt 00:00:33]} 38.
Qh7+ {[%clk 00:02:20]} {[%emt 00:00:58]} Kf8 {[%clk 00:01:42]} {[%emt
00:00:04]} 39. Qh8+ {[%clk 00:02:41]} {[%emt 00:00:09]} Ke7 {[%clk 00:02:09]}
{[%emt 00:00:04]} 40. Qf6+ {[%clk 00:03:02]} {[%emt 00:00:09]} Kf8 {[%clk
00:02:34]} {[%emt 00:00:05]} 41. Qh8+ {[%clk 00:03:30]} {[%emt 00:00:02]} Ke7
{[%clk 00:03:00]} {[%emt 00:00:04]} 42. exd6+ {[%clk 00:03:42]} {[%emt
00:00:18]} Kxd6 {[%clk 00:03:21]} {[%emt 00:00:10]} 43. Qb8+ {[%clk 00:03:58]}
{[%emt 00:00:14]} Rc7 {[%clk 00:03:39]} {[%emt 00:00:12]} 44. Qf8# {[%clk
00:04:21]} {[%emt 00:00:05]} 1-0

[Event "XXIII OPEN INTERNACIONAL ESCACS DE TORREDEMBARRA"]
[Site "Torredembarra"]
[Date "2023.07.05"]
[Round "5.4"]
[White "Martinez Pla, Xavier"]
[Black "Ano Pla, Gerard"]
[Result "1/2-1/2"]
[TimeControl "90'+30\""]
[WhiteTitle "FM"]
[WhiteFideId "32074271"]
[BlackFideId "24560561"]
[WhiteElo "2268"]
[BlackElo "2179"]

1. e4 {[%clk 01:30:56]} {[%emt 00:00:03]} e6 {[%clk 01:30:54]} {[%emt
00:00:06]} 2. d4 {[%clk 01:30:27]} {[%emt 00:00:58]} d5 {[%clk 01:31:13]}
{[%emt 00:00:12]} 3. Nd2 {[%clk 01:27:03]} {[%emt 00:03:55]} Nf6 {[%clk
01:31:36]} {[%emt 00:00:06]} 4. e5 {[%clk 01:27:12]} {[%emt 00:00:21]} Nfd7
{[%clk 01:32:02]} {[%emt 00:00:04]} 5. Bd3 {[%clk 01:27:36]} {[%emt 00:00:05]}
c5 {[%clk 01:32:28]} {[%emt 00:00:04]} 6. c3 {[%clk 01:28:00]} {[%emt
00:00:06]} Nc6 {[%clk 01:32:36]} {[%emt 00:00:22]} 7. Ne2 {[%clk 01:27:23]}
{[%emt 00:01:06]} f6 {[%emt 00:04:59]} 8. exf6 {[%clk 01:21:35]} {[%emt
00:01:24]} Nxf6 {[%clk 01:33:24]} {[%emt 00:00:08]} 9. Nf3 {[%clk 01:21:29]}
{[%emt 00:00:36]} cxd4 {[%clk 01:32:08]} {[%emt 00:01:47]} 10. cxd4 {[%clk
01:21:44]} {[%emt 00:00:15]} Bd6 {[%clk 01:32:28]} {[%emt 00:00:11]} 11. O-O
{[%clk 01:21:55]} {[%emt 00:00:18]} O-O {[%clk 01:32:54]} {[%emt 00:00:04]} 12.
Bf4 {[%clk 01:21:34]} {[%emt 00:00:51]} Nxd4 {[%emt 00:19:07]} 13. Nfxd4 {[%emt
00:03:36]} e5 {[%clk 01:19:15]} {[%emt 00:03:02]} 14. Bg3 {[%emt 00:06:05]}
exd4 {[%emt 00:02:30]} 15. Nxd4 {[%emt 00:03:48]} Bxg3 {[%emt 00:08:07]} 16.
hxg3 {[%emt 00:00:58]} Qb6 {[%emt 00:01:41]} 17. Qd2 {[%emt 00:11:45]} Bg4
{[%clk 00:56:56]} {[%emt 00:06:53]} 18. Rae1 {[%clk 00:48:35]} {[%emt
00:07:19]} Rae8 {[%emt 00:15:06]} 19. b3 {[%emt 00:10:36]} Kh8 {[%clk
00:42:48]} {[%emt 00:01:36]} 20. Bb1 {[%clk 00:34:54]} {[%emt 00:02:30]} Bd7
{[%emt 00:05:48]} 21. Rxe8 {[%emt 00:06:52]} Rxe8 {[%emt 00:05:16]} 22. Nf3
{[%emt 00:09:42]} Bg4 {[%emt 00:04:42]} 23. Re1 {[%clk 00:20:29]} {[%emt
00:02:14]} Rxe1+ {[%clk 00:25:07]} {[%emt 00:01:02]} 24. Qxe1 {[%clk 00:20:32]}
{[%emt 00:00:28]} Bxf3 {[%clk 00:25:15]} {[%emt 00:00:22]} 25. gxf3 {[%clk
00:20:54]} {[%emt 00:00:08]} Qd6 {[%emt 00:00:34]} 26. Kg2 {[%clk 00:19:37]}
{[%emt 00:01:23]} Kg8 {[%emt 00:01:31]} 27. Bd3 {[%clk 00:16:33]} {[%emt
00:02:41]} a6 {[%emt 00:01:52]} 28. Qc3 {[%clk 00:15:26]} {[%emt 00:00:23]} Qd7
{[%clk 00:23:26]} {[%emt 00:02:21]} 29. Qe5 {[%emt 00:10:46]} Kf7 {[%emt
00:09:15]} 1/2-1/2

[Event "XXIII OPEN INTERNACIONAL ESCACS DE TORREDEMBARRA"]
[Site "Torredembarra"]
[Date "2023.07.05"]
[Round "5.5"]
[White "Ventura Bolet, Maxim"]
[Black "Jimenez Ruano, Adrian"]
[Result "1/2-1/2"]
[TimeControl "90'+30\""]
[WhiteTitle "FM"]
[BlackTitle "FM"]
[WhiteFideId "22238824"]
[BlackFideId "22276050"]
[WhiteElo "2204"]
[BlackElo "2250"]

1. c4 {[%emt 00:00:11]} e5 {[%emt 00:00:15]} 2. e3 {[%emt 00:06:05]} Nf6 {[%emt
00:00:25]} 3. Nc3 {[%emt 00:01:04]} Bb4 {[%emt 00:00:08]} 4. Nge2 {[%emt
00:04:36]} O-O {[%emt 00:00:56]} 5. a3 {[%emt 00:03:35]} Be7 {[%emt 00:01:21]}
6. d4 {[%emt 00:03:16]} d6 {[%emt 00:06:05]} 7. Ng3 {[%emt 00:07:58]} c6 {[%emt
00:08:55]} 8. d5 {[%emt 00:14:17]} c5 {[%emt 00:17:40]} 9. Be2 {[%emt
00:04:54]} Ne8 {[%emt 00:01:39]} 10. e4 {[%emt 00:08:05]} Bg5 {[%emt 00:09:02]}
11. O-O {[%emt 00:01:20]} g6 {[%emt 00:08:12]} 12. Bxg5 {[%emt 00:02:05]} Qxg5
{[%emt 00:00:20]} 13. Qc1 {[%emt 00:08:54]} Qf4 {[%emt 00:02:59]} 14. Bd1
{[%emt 00:08:27]} Nd7 {[%emt 00:03:18]} 15. Ba4 {[%emt 00:01:35]} a6 {[%emt
00:04:22]} 16. b4 {[%emt 00:01:17]} Nef6 {[%emt 00:06:14]} 17. Nge2 {[%emt
00:05:26]} Qh4 {[%emt 00:00:08]} 18. f3 {[%emt 00:11:03]} Nh5 {[%emt 00:05:06]}
19. Qe3 {[%emt 00:02:43]} cxb4 {[%emt 00:00:19]} 20. axb4 {[%emt 00:02:11]} Nf4
{[%emt 00:08:46]} 21. Bxd7 {[%emt 00:00:54]} Nxe2+ {[%emt 00:00:48]} 22. Nxe2
{[%emt 00:00:04]} Bxd7 {[%emt 00:02:08]} 23. Qb6 {[%emt 00:00:17]} Qe7 {[%emt
00:02:24]} 24. c5 {[%emt 00:01:34]} Bb5 {[%emt 00:01:57]} 25. Rfe1 {[%emt
00:00:14]} dxc5 {[%emt 00:01:05]} 26. bxc5 {[%emt 00:00:13]} Rac8 {[%emt
00:01:58]} 27. Rac1 Rfd8 {[%emt 00:01:45]} 28. Ng3 {[%emt 00:00:57]} h5 {[%emt
00:00:21]} 29. Nf1 {[%emt 00:01:54]} Qc7 {[%emt 00:02:44]} 30. Qxc7 {[%emt
00:00:10]} Rxc7 {[%emt 00:00:01]} 31. d6 {[%emt 00:01:00]} Rc6 {[%emt
00:00:04]} 32. Ne3 {[%emt 00:00:25]} b6 {[%emt 00:03:41]} 33. cxb6 {[%emt
00:00:05]} Rxb6 {[%emt 00:00:21]} 34. d7 {[%emt 00:00:55]} Rxd7 {[%emt
00:00:10]} 35. Nd5 {[%emt 00:00:10]} Rbd6 {[%emt 00:00:35]} 36. Rc8+ Kg7 {[%emt
00:00:08]} 37. Rec1 {[%emt 00:00:45]} Rd8 {[%emt 00:00:08]} 38. R8c7 {[%emt
00:00:58]} R8d7 {[%emt 00:00:01]} 39. Rc8 {[%emt 00:00:07]} Rd8 {[%emt
00:00:02]} 40. R8c7 {[%emt 00:00:24]} 1/2-1/2